Let's read about...Abraham Lincoln / (Record no. 6664)

MARC details
000 -LEADER
fixed length control field 01016nam a22003017a 4500
001 - CONTROL NUMBER
control field 6664
003 - CONTROL NUMBER IDENTIFIER
control field FISKH
005 - DATE AND TIME OF LATEST TRANSACTION
control field 20250827091522.0
008 - FIXED-LENGTH DATA ELEMENTS--GENERAL INFORMATION
fixed length control field 250519b cb ||||| |||| 00| 0 eng d
020 ## - INTERNATIONAL STANDARD BOOK NUMBER
International Standard Book Number 9780439295451
040 ## - CATALOGING SOURCE
Original cataloging agency FISKH
Language of cataloging eng
Transcribing agency FISKH
Modifying agency FISKH
050 ## - LIBRARY OF CONGRESS CALL NUMBER
Classification number E457.905
082 ## - DEWEY DECIMAL CLASSIFICATION NUMBER
Classification number 973.7092
100 ## - MAIN ENTRY--PERSONAL NAME
Personal name Black, Sonia
Dates associated with a name (1953-)
245 ## - TITLE STATEMENT
Title Let's read about...Abraham Lincoln /
Statement of responsibility, etc. By Sonia Black ; Illustrated by Carol Heyer
250 ## - EDITION STATEMENT
Edition statement This edition first published in 2002
260 ## - PUBLICATION, DISTRIBUTION, ETC.
Place of publication, distribution, etc. New York :
Name of publisher, distributor, etc. Scholastic,
Date of publication, distribution, etc. 2002
300 ## - PHYSICAL DESCRIPTION
Extent 29 unnumbered pages :
Other physical details color illustrations ;
Dimensions 23 cm
505 ## - FORMATTED CONTENTS NOTE
Formatted contents note N<br/>
520 ## - SUMMARY, ETC.
Summary, etc. A brief biography of the sixteenth president of the United States, Abraham Lincoln, who served led the country through the difficult times of the Civil War.<br/>
521 8# - TARGET AUDIENCE NOTE
Target audience note 560<br/>
Source Lexile<br/>
521 8# - TARGET AUDIENCE NOTE
Target audience note N<br/>
Source Raz-Plus<br/>
650 ## - SUBJECT ADDED ENTRY--TOPICAL TERM
Source of heading or term Lincoln
Topical term or geographic name entry element Biography
650 ## - SUBJECT ADDED ENTRY--TOPICAL TERM
Source of heading or term Civil War
Topical term or geographic name entry element President
700 ## - ADDED ENTRY--PERSONAL NAME
Personal name Heyer, Carol
Dates associated with a name illustrator
942 ## - ADDED ENTRY ELEMENTS (KOHA)
Source of classification or shelving scheme Dewey Decimal Classification
Koha item type Books
Suppress in OPAC No
Holdings
Withdrawn status Lost status Source of classification or shelving scheme Damaged status Not for loan Collection Home library Current library Shelving location Date acquired Total Checkouts Full call number Barcode Date last seen Copy number Price effective from Koha item type
    Dewey Decimal Classification     Juvenile Fiction Footprints International School Library Network Toul Tom Poung Campus Footprints International School Library Network Toul Tom Poung Campus TTP Primary Yellow Bookshelves 05/19/2025   BLA 973.7092 E457.905 2025-1330 05/19/2025 1 05/19/2025 Books
    Dewey Decimal Classification     Juvenile Fiction Footprints International School Library Network Toul Tom Poung Campus Footprints International School Library Network Toul Tom Poung Campus TTP Primary Yellow Bookshelves 08/05/2025   BLA 973.7092 E457.905 FISBK01567 08/05/2025 2 08/05/2025 Books
    Dewey Decimal Classification     Juvenile Fiction Footprints International School Library Network Toul Tom Poung Campus Footprints International School Library Network Toul Tom Poung Campus TTP Primary Yellow Bookshelves 08/20/2025   BLA 973.7092 E457.905 FISBK01565 08/20/2025 3 08/20/2025 Books
    Dewey Decimal Classification     Juvenile Fiction Footprints International School Library Network Toul Tom Poung Campus Footprints International School Library Network Toul Tom Poung Campus TTP Primary Yellow Bookshelves 08/27/2025   BLA 973.7092 E457.905 FISBK01566 08/27/2025 4 08/27/2025 Books